LEADER 01246nam0 22002771i 450 001 RML0308176 005 20231121125749.0 010 $a8846472810 100 $a20121121d2005 ||||0itac50 ba 101 | $aita 102 $ait 181 1$6z01$ai $bxxxe 182 1$6z01$an 200 1 $a˜La œradiazione UV nel trattamento delle acque destinate al consumo umano$eproprietà e caratteristiche, principi di funzionamento dei reattori UV, efficacia di disinfezione, determinazione della dose UV e test di certificazione, tecnologie di applicazione e normativa$fGiorgio Temporelli, Roberto Porro 210 $aMilano $cFranco Angeli $dc2005 215 $a241 p.$d23 cm 700 1$aTemporelli$b, Giorgio$3RMLV196635$0301730 701 1$aPorro$b, Roberto$3RMLV198686$0314957 801 3$aIT$bIT-01$c20121121 850 $aIT-FR0099 899 $aBiblioteca Area Ingegneristica$bFR0099 912 $aRML0308176 950 0$aBiblioteca Area Ingegneristica$d 54DMS 628.1 TEM/2$e 54VM 0000783365 VM barcode:BAIN004568. - Inventario:2420MVM$fA $h20090224$i20121204 977 $a 54 996 $aRadiazione UV nel trattamento delle acque destinate al consumo umano$93631507 997 $aUNICAS LEADER 01608nam2 22003493i 450 001 NAP0409665 005 20251003044250.0 010 $a2876471035 100 $a20080609e19931906||||0itac50 ba 101 | $afre 102 $afr 181 1$6z01$ai $bxxxe 182 1$6z01$an 200 1 $aˆ1.4: ‰Calcul des probabilités. Théorie des erreurs. Applications diverses 210 $aSceaux$cJ. Gabay$d[1993] 215 $a640 col.$cill.$d18 x 25 cm 300 $aRipr. facs. dell'ed.: Paris : Gauthier Villars ; Leipzig : B. G. Teubner, 1906-1911. 461 1$1001PUV0962188$12001 $aEncyclopédie des sciences mathématiques pures et appliquées$fpubliée sous les auspices des académies des sciences de Göttingue, de Leipzig, de Munich et de Vienne avec la collaboration de nombreux savants$v1.4 606 $aMatematica$xEnciclopedie e dizionari$2FIR$3SBLC092649$9E 606 $aCalcolo delle probabilità$2FIR$3CFIC002424$9E 606 $aTeoria degli errori$2FIR$3CFIC009023$9I 676 $a510$9MATEMATICA$v14 676 $a519$9Probabilità e matematica applicata$v14 696 $aDizionari$aEnciclopedie 699 $aEnciclopedie e dizionari$xDizionari$xEnciclopedie 801 3$aIT$bIT-000000$c20080609 850 $aIT-BN0095 912 $aNAP0409665 950 2$aBiblioteca Centralizzata di Ateneo$cv. 1-8 in 22$d 01RIPR. FACSFr. A 0020$e 0102 0000066715 VMA (01.4 v. 1.4$fY $h20080609$i20080609 977 $a 01 996 $aCalcul des probabilités. Théorie des erreurs. Applications diverses$9103757 997 $aUNISANNIO